Szczegóły MARC21

Der Zauberberg : Roman /

003 -Nazwa inst., której nr kontr. jest w polu 001 [,]
    • @
    • Nazwa instytucji, której n kontrolny jest w polu 001
    • NUKAT
005 -DATA I CZAS OSTATNIEJ MODYFIKACJI [,]
    • @
    • pole kontrolne
    • 20241231101352.0
020 -Międzynarod. znormalizowany nr książki - ISBN [ , ]
    • a
    • Numer ISBN
    • 359610310X Find
    • q
    • Dopowiedzenie
    • Kassette
020 -Międzynarod. znormalizowany nr książki - ISBN [ , ]
    • a
    • Numer ISBN
    • 3596103134 Find
    • q
    • Dopowiedzenie
    • Einzelband
040 -Instytucja sporządzająca opis [ , ]
    • a
    • Instytucja, która sporządziła opis (NP)
    • GD U/AP
    • c
    • Instytucja, która sporządziła rekord (NP)
    • GD U/APs
942 -Rodzaj dokumentu [ , ]
    • c
    • Rodzaj dokumentu
    • Książka
100 -Hasło główne - nazwa osobowa [1, ]
    • a
    • Nazwa osobowa (NP)
    • Mann, Thomas
    • d
    • Daty biograficzne (NP)
    • (1875-1955).
    • 9
    • KHW
    • 12980
240 -Tytuł ujednolicony [1,0]
    • a
    • Tytuł ujednolicony
    • Zauberberg
    • l
    • Język tekstu
    • (niem.)
    • 9
    • KHW
    • 97084
245 -Strefa tytułu i oznaczenia odpowiedzialności [1,4]
    • a
    • Tytuł
    • Der Zauberberg : Find
    • b
    • Ciąg dalszy tytułu (NP)
    • Roman / Find
    • c
    • Pozostałe elementy strefy tytułu i oznaczenia odpowiedzialności (NP)
    • Thomas Mann.
250 -Strefa wydania [ , ]
    • a
    • Oznaczenie wydania (NP)
    • Ungekürzte Aufl.
260 -Strefa adresu wydawniczego [ , ]
    • a
    • Miejsce wydania (P)
    • Frankfurt am Main :
    • b
    • Nazwa wydawcy (P)
    • Fischer Taschenbuch Verlag,
    • c
    • Data wydania (P)
    • 1990.
300 -Strefa opisu fizycznego [ , ]
    • a
    • Określenie formy książki i/lub objętość (NP)
    • 993, [5] s. ;
    • c
    • Format (NP)
    • 20 cm.
336 -Typ zawartości [ , ]
    • a
    • Termin opisujący typ zawartości
    • Tekst
    • b
    • Kod określający zawartość
    • txt
    • 2
    • Źródło (terminu i kodu)
    • rdacontent
337 -Typ mediów [ , ]
    • a
    • Tryb odtwarzania
    • Bez urządzenia pośredniczącego
    • b
    • Kod typu mediów
    • n
    • 2
    • Źródło (terminu i kodu)
    • rdamedia
338 -Typ/rodzaj nośnika [ , ]
    • a
    • Hasło opisujące typ nośnika
    • Wolumin
    • b
    • Kod typu nośnika
    • nc
    • 2
    • Źródło (terminu i kodu)
    • rdacarrier
490 -Strefa serii i książki wielotomowej - forma nie do wyszukiwania [1, ]
    • a
    • Tytuł (P)
    • Gesammelte Werke in dreizehn Bänden / Thomas Mann ; Find
    • v
    • Numeracja (P)
    • Bd. 3
080 -Uniwersalna Klasyfikacja Dziesiętna [ , ]
    • a
    • Symbol klasyfikacji
    • 821.112.2-3
    • 2
    • Identyfikator wydania tablic
    • UDC-P058
    • 9
    • UKD
    • 8180
    • b
    • Dopowiedzenie
    • Literatura niemiecka. - Powieści, nowele, opowiadania.
    • 4
    • UKD2
    • 7631
    • x
    • Poddział wspólny
    • =112.2
    • c
    • Dopowiedzenie poddz. wspólnego
    • =Język niemiecki (wysokoniemiecki, standardowy niemiecki).
655 -Hasło w funkcji tematu formalnego [ ,7]
    • a
    • Hasło
    • Powieść niemiecka
    • y
    • Określnik chronologiczny
    • 1900-1945.
    • 2
    • Źródło terminu
    • kaba
    • 9
    • KHW
    • 358654
980 -Symbol UKD [ , ]
    • a
    • UKD
    • 821.112.2-3=112.2
710 -Hasło dodatkowe - nazwa ciała zbiorowego [2, ]
    • a
    • Nazwa ciała zbiorowego lub nazwa geograficzna jako pierwszy element (NP)
    • Fischer Taschenbuch Verlag.
    • 4
    • Kod relacji
    • pbl
    • 9
    • KHW
    • 68672
800 -Hasło dodatkowe opisu książki wielotomowej - nazwa osobowa [1, ]
    • a
    • Nazwa osobowa (NP)
    • Mann, Thomas
    • d
    • Daty biograficzne (NP)
    • (1875-1955).
    • t
    • Tytuł ujednolicony/tytuł (NP)
    • Gesammelte Werke in dreizehn Bänden
    • v
    • Oznaczenie tomu (NP)
    • Bd. 3
    • 9
    • KHW
    • 95897
920 -ISBN [ , ]
    • a
    • ISBN
    • 3-596-10310-X Find
    • q
    • Dopowiedzenie
    • Kassette
920 -ISBN [ , ]
    • a
    • ISBN
    • 3-596-10313-4 Find
    • q
    • Dopowiedzenie
    • Einzelband
Lokalizacja Data inwentaryzacji Numer inwentarzowy Status udost. Sygnatura
BM1997-01-22G.12484-3Germ. Literatura niemiecka